| 000 | 00346nam a22001217a 4500 | ||
|---|---|---|---|
| 082 |
_a624.1834 _bAME _cL-39, P-194 |
||
| 245 |
_aAci detailing Manual - 1994 _bA.c.i |
||
| 260 |
_aAmerica _bAmerican concrete institute _cc1994. |
||
| 300 |
_a244 p. _bill. _c40 cm |
||
| 526 |
_a0 _b0 _c0 _d624_183400000000000_AME |
||
| 650 |
_aMCE _9379 |
||
| 942 |
_2ddc _cBK |
||
| 999 |
_c550040 _d550040 |
||